[Event "LSS OP-2006-0-00077"]
[Site "LSS email"]
[Date "2006.06.24"]
[Round "?"]
[White "Guba, Juris"]
[Black "Hynes, Thomas F"]
[Result "0-1"]
[WhiteElo "800"]
[BlackElo "1829"]
[PlyCount "30"]
[EventDate "2006.06.23"]
[EventType "tourn (corr)"]
[EventRounds "4"]
[EventCountry "GER"]
[SourceTitle "Corr 2015"]
[Source "ChessBase"]
[SourceDate "2015.07.17"]
[SourceVersion "1"]
[SourceVersionDate "2015.07.17"]
[SourceQuality "1"]

1. e4 e5 2. Nf3 Nc6 3. Bb5 a6 4. Bxc6 dxc6 5. 0-0 f6 6. d4 exd4 7. Nxd4 c5 8. Ne2 Qxd1 9. Rxd1 Bd7 10. Nbc3 Ne7 11. Be3 Ng6 12. Rd2 0-0-0 13. Rad1 Bd6 14. b3 Rhe8 15. f3 Bc6 0-1